<?xml version="1.0" encoding="UTF-8"?>
<record
    xmlns:xsi="http://www.w3.org/2001/XMLSchema-instance"
    xsi:schemaLocation="http://www.loc.gov/MARC21/slim http://www.loc.gov/standards/marcxml/schema/MARC21slim.xsd"
    xmlns="http://www.loc.gov/MARC21/slim">

  <leader>01783nam a2200337 i 4500</leader>
  <controlfield tag="001">000029919</controlfield>
  <controlfield tag="003">DO-SdBNP</controlfield>
  <controlfield tag="005">20250204092151.0</controlfield>
  <controlfield tag="007">ta</controlfield>
  <controlfield tag="008">090917s20002001dr            001 s spa d</controlfield>
  <datafield tag="020" ind1=" " ind2=" ">
    <subfield code="a">9993433144</subfield>
  </datafield>
  <datafield tag="040" ind1=" " ind2=" ">
    <subfield code="a">DO-SdBNP</subfield>
    <subfield code="b">spa</subfield>
    <subfield code="c">BNPHU</subfield>
    <subfield code="e">rda</subfield>
  </datafield>
  <datafield tag="082" ind1=" " ind2="4">
    <subfield code="a">RD865.4</subfield>
    <subfield code="b">A634g</subfield>
    <subfield code="2">22</subfield>
  </datafield>
  <datafield tag="245" ind1="0" ind2="0">
    <subfield code="a">Antolog&#xED;a de grandes oradores dominicanos /</subfield>
    <subfield code="c">compilador,  Julio Jaime Julia ; editores Jos&#xE9; Rafael Vargas, Tom&#xE1;s Castro Burdi&#xE9;z ; pr&#xF3;logo Jorge Tena Reyes.</subfield>
  </datafield>
  <datafield tag="264" ind1=" " ind2=" ">
    <subfield code="a">Santo Domingo :</subfield>
    <subfield code="b">Mediabyte,</subfield>
    <subfield code="c">2000 -2001.</subfield>
  </datafield>
  <datafield tag="300" ind1=" " ind2=" ">
    <subfield code="a">volumenes ;</subfield>
    <subfield code="c">21 cm.</subfield>
  </datafield>
  <datafield tag="336" ind1=" " ind2=" ">
    <subfield code="2">rdacontent</subfield>
    <subfield code="a">texto</subfield>
    <subfield code="b">txt</subfield>
  </datafield>
  <datafield tag="337" ind1=" " ind2=" ">
    <subfield code="2">rdamedia</subfield>
    <subfield code="a">sin mediaci&#xF3;n </subfield>
    <subfield code="b">n</subfield>
  </datafield>
  <datafield tag="338" ind1=" " ind2=" ">
    <subfield code="2">rdacarrier</subfield>
    <subfield code="a">volumen  </subfield>
    <subfield code="b">nc</subfield>
  </datafield>
  <datafield tag="505" ind1="2" ind2=" ">
    <subfield code="g">Pr&#xF3;logo --</subfield>
    <subfield code="t">Julio Jaime Julia: una vida consagrada a la investigaci&#xF3;n y difusi&#xF3;n de nuestros autenticos valores culturales e historicos --</subfield>
    <subfield code="t">Joaqu&#xED;n Balaguer --</subfield>
    <subfield code="t">Juan Bosch --</subfield>
    <subfield code="t">Jos&#xE9; Francisco Pe&#xF1;a G&#xF3;mez --</subfield>
    <subfield code="t">Fabio A. Mota --</subfield>
    <subfield code="t">Manuel A. Machado --</subfield>
    <subfield code="t">V&#xED;ctor Lulo Guzman --</subfield>
    <subfield code="t">Rafael Vidal --</subfield>
    <subfield code="t">Discursos variados --</subfield>
    <subfield code="t">Juan Tomas Mejia --</subfield>
    <subfield code="t">Aristides Fiallo Cabral --</subfield>
    <subfield code="t">Arturo Grullon --</subfield>
    <subfield code="t">Juan Alberto Pe&#xF1;a Lebron --</subfield>
    <subfield code="t">Joaqu&#xED;n E. Salazar --</subfield>
    <subfield code="t">Oscar Robles Toledano --</subfield>
    <subfield code="t">Armando Oscar Pacheco --</subfield>
    <subfield code="t">H&#xE9;ctor P&#xE9;rez Reyes --</subfield>
    <subfield code="t">Mariano Lebron Savi&#xF1;on --</subfield>
    <subfield code="t">Antonio Fern&#xE1;ndez Spencer --</subfield>
    <subfield code="t">Biograf&#xED;a de Julio Jaime Julia /</subfield>
  </datafield>
  <datafield tag="590" ind1=" " ind2=" ">
    <subfield code="a">Inventariado, 2018/ YL</subfield>
  </datafield>
  <datafield tag="650" ind1=" " ind2="4">
    <subfield code="a">Oradores dominicanos</subfield>
    <subfield code="9">56659</subfield>
  </datafield>
  <datafield tag="650" ind1=" " ind2="4">
    <subfield code="a">Oratoria dominicana</subfield>
    <subfield code="9">56660</subfield>
  </datafield>
  <datafield tag="650" ind1="1" ind2="0">
    <subfield code="a">Literatura dominicana.</subfield>
    <subfield code="9">67</subfield>
  </datafield>
  <datafield tag="700" ind1="1" ind2=" ">
    <subfield code="a">Julia, Julio Jaime</subfield>
    <subfield code="d">1922-1993</subfield>
    <subfield code="e">compilador</subfield>
    <subfield code="9">20185</subfield>
  </datafield>
  <datafield tag="700" ind1="1" ind2=" ">
    <subfield code="a">Tena Reyes, Jorge,</subfield>
    <subfield code="e">pr&#xF3;l.</subfield>
    <subfield code="9">8252</subfield>
  </datafield>
  <datafield tag="700" ind1="1" ind2=" ">
    <subfield code="a">Vargas, Jos&#xE9; Rafael,</subfield>
    <subfield code="e">ed.</subfield>
    <subfield code="9">21851</subfield>
  </datafield>
  <datafield tag="700" ind1=" " ind2=" ">
    <subfield code="a">Castro, Tom&#xE1;s,</subfield>
    <subfield code="d">1959-</subfield>
    <subfield code="e">ed.</subfield>
    <subfield code="9">24641</subfield>
  </datafield>
  <datafield tag="910" ind1=" " ind2=" ">
    <subfield code="a">Validado. Control de calidad MMOLINA</subfield>
  </datafield>
  <datafield tag="942" ind1=" " ind2=" ">
    <subfield code="2">ddc</subfield>
    <subfield code="c">LBS1</subfield>
  </datafield>
  <datafield tag="952" ind1=" " ind2=" ">
    <subfield code="0">0</subfield>
    <subfield code="1">0</subfield>
    <subfield code="2">ddc</subfield>
    <subfield code="5">1</subfield>
    <subfield code="7">0</subfield>
    <subfield code="8">PD</subfield>
    <subfield code="a">BNPHU</subfield>
    <subfield code="b">BNPHU</subfield>
    <subfield code="c">HD</subfield>
    <subfield code="d">2018-08-10</subfield>
    <subfield code="l">0</subfield>
    <subfield code="o">BNPHU PD RD865.4 A634g</subfield>
    <subfield code="p">29919-60</subfield>
    <subfield code="r">2020-06-25</subfield>
    <subfield code="t">v. 2, e. 2</subfield>
    <subfield code="w">2020-06-25</subfield>
    <subfield code="y">LBS1</subfield>
    <subfield code="Z">No se presta</subfield>
  </datafield>
  <datafield tag="952" ind1=" " ind2=" ">
    <subfield code="0">0</subfield>
    <subfield code="1">0</subfield>
    <subfield code="2">ddc</subfield>
    <subfield code="5">6</subfield>
    <subfield code="7">0</subfield>
    <subfield code="8">DS</subfield>
    <subfield code="a">BNPHU</subfield>
    <subfield code="b">BNPHU</subfield>
    <subfield code="c">HD</subfield>
    <subfield code="d">2018-08-10</subfield>
    <subfield code="l">0</subfield>
    <subfield code="o">BNPHU DS RD865.4 A634g</subfield>
    <subfield code="p">29919-70</subfield>
    <subfield code="r">2020-06-25</subfield>
    <subfield code="t">v. 2, e. 3</subfield>
    <subfield code="w">2020-06-25</subfield>
    <subfield code="y">LBS1</subfield>
    <subfield code="Z">No se presta</subfield>
  </datafield>
  <datafield tag="952" ind1=" " ind2=" ">
    <subfield code="0">0</subfield>
    <subfield code="1">0</subfield>
    <subfield code="2">ddc</subfield>
    <subfield code="5">1</subfield>
    <subfield code="7">0</subfield>
    <subfield code="8">PD</subfield>
    <subfield code="a">BNPHU</subfield>
    <subfield code="b">BNPHU</subfield>
    <subfield code="c">HD</subfield>
    <subfield code="d">2015-04-22</subfield>
    <subfield code="l">0</subfield>
    <subfield code="o">BNPHU PD RD865.4 A634g</subfield>
    <subfield code="p">29919-50</subfield>
    <subfield code="r">2020-06-25</subfield>
    <subfield code="t">v.2</subfield>
    <subfield code="w">2020-06-25</subfield>
    <subfield code="y">LBS1</subfield>
    <subfield code="Z">No se presta</subfield>
  </datafield>
  <datafield tag="952" ind1=" " ind2=" ">
    <subfield code="0">0</subfield>
    <subfield code="1">0</subfield>
    <subfield code="2">ddc</subfield>
    <subfield code="5">6</subfield>
    <subfield code="7">0</subfield>
    <subfield code="8">DS</subfield>
    <subfield code="a">BNPHU</subfield>
    <subfield code="b">BNPHU</subfield>
    <subfield code="c">HD</subfield>
    <subfield code="d">2018-08-08</subfield>
    <subfield code="l">0</subfield>
    <subfield code="o">BNPHU DS RD865.4 A634g</subfield>
    <subfield code="p">29919-40</subfield>
    <subfield code="r">2020-06-25</subfield>
    <subfield code="t">v.1, e.3</subfield>
    <subfield code="w">2020-06-25</subfield>
    <subfield code="y">LBS1</subfield>
    <subfield code="Z">No se presta</subfield>
  </datafield>
  <datafield tag="952" ind1=" " ind2=" ">
    <subfield code="0">0</subfield>
    <subfield code="1">0</subfield>
    <subfield code="2">ddc</subfield>
    <subfield code="5">1</subfield>
    <subfield code="7">0</subfield>
    <subfield code="8">PD</subfield>
    <subfield code="a">BNPHU</subfield>
    <subfield code="b">BNPHU</subfield>
    <subfield code="c">HD</subfield>
    <subfield code="d">2011-04-27</subfield>
    <subfield code="l">0</subfield>
    <subfield code="o">BNPHU PD RD865.4 A634g</subfield>
    <subfield code="p">29919-10</subfield>
    <subfield code="r">2020-06-25</subfield>
    <subfield code="t">v.1</subfield>
    <subfield code="w">2020-06-25</subfield>
    <subfield code="y">LBS1</subfield>
    <subfield code="Z">No se presta</subfield>
  </datafield>
  <datafield tag="952" ind1=" " ind2=" ">
    <subfield code="0">0</subfield>
    <subfield code="1">0</subfield>
    <subfield code="2">ddc</subfield>
    <subfield code="5">1</subfield>
    <subfield code="7">0</subfield>
    <subfield code="8">PD</subfield>
    <subfield code="a">BNPHU</subfield>
    <subfield code="b">BNPHU</subfield>
    <subfield code="c">HD</subfield>
    <subfield code="d">2014-02-19</subfield>
    <subfield code="l">0</subfield>
    <subfield code="o">BNPHU PD RD865.4 A634g</subfield>
    <subfield code="p">29919-20</subfield>
    <subfield code="r">2020-06-25</subfield>
    <subfield code="t">v.1, e.2</subfield>
    <subfield code="w">2020-06-25</subfield>
    <subfield code="y">LBS1</subfield>
    <subfield code="Z">No se presta</subfield>
  </datafield>
  <datafield tag="952" ind1=" " ind2=" ">
    <subfield code="0">0</subfield>
    <subfield code="1">0</subfield>
    <subfield code="2">ddc</subfield>
    <subfield code="5">6</subfield>
    <subfield code="7">0</subfield>
    <subfield code="8">DS</subfield>
    <subfield code="a">BNPHU</subfield>
    <subfield code="b">BNPHU</subfield>
    <subfield code="c">HD</subfield>
    <subfield code="d">2023-11-30</subfield>
    <subfield code="l">0</subfield>
    <subfield code="o">BNPHU DS RD865.4 A634g</subfield>
    <subfield code="p">29919-80</subfield>
    <subfield code="r">2023-11-30</subfield>
    <subfield code="t">v.2, e.4</subfield>
    <subfield code="w">2023-11-30</subfield>
    <subfield code="y">LBS1</subfield>
  </datafield>
  <datafield tag="999" ind1=" " ind2=" ">
    <subfield code="c">29411</subfield>
    <subfield code="d">29411</subfield>
  </datafield>
</record>
